000
00284nam a2200109Ia 4500
008
190914s9999||||xx |||||||||||||| ||und||
100
_a
Liker, Meier
245
0
_a
Toyota Talent Developing Your People The Toyota Way
260
_a
India
_b
S. Chand
_c
2003
300
_a
146
942
_c
BK
999
_c
10091
_d
10091